Statistiques concernant Culture Générale - Série 528

Cliquez ici pour prendre le quiz!

Statistiques générales

  • Ce quiz a été pris 134 fois
  • Le résultat moyen est 7 sur 10

Statistiques - réponses

QuestionRéponse% Correct
Dans une expression, quel poisson y a-t-il sous roche lorsqu'une affaire n'est pas très nette ?anguille
97%
De quel fruit la reine-claude est-elle une variété ?prune
95%
Comment appelle-t-on un livre de magie à l'usage des sorciers ?grimoire
84%
Dans un générique télévisé, à quel célèbre duo associe-t-on la phrase : "C'est toi le gros et moi le petit" ?Laurel et Hardy
79%
En cuisine, quelle plante aromatique, voisine du cerfeuil, peut être dite "plate" ou "frisée" ?persil
72%
Dans quel sport dispute-t-on le Prix de Diane depuis 1843 ?équitation
69%
Dans quel Etat des Etats-Unis le Grand Canyon, creusé par le fleuve Colorado, est-il situé ?Arizona
58%
Quel animal est associé au meunier et à son fils dans le titre d'une fable de Jean de La Fontaine ?âne
56%
Quel philosophe chinois est considéré comme le fondateur du taoïsme ?Lao-Tseu
40%
Quel est le surnom du sergent Schultz selon l'autre titre de la série télévisée "Stalag 13" ?Papa
35%

Distribution des résultats

Percentile par nombre de réponses

% des personnes avec chaque résultat

Votre développement - résultats

Vous n’avez pas pris ce quiz